| 000 | 00403nam a22001217a 4500 | ||
|---|---|---|---|
| 008 | 230606b xxu||||| |||| 00| 0 eng d | ||
| 082 |
_a342 _bCKRC |
||
| 110 | _d15th March | ||
| 245 |
_aThe Draft Constitution of Kenya 2004 _bAs Adopted by the National Constitutional Conference on 15th March 2004 |
||
| 260 |
_aKenya _bThe Constitution of Kenya Review Commission _c2004 |
||
| 300 | _a252 p | ||
| 942 |
_2ddc _cBK |
||
| 999 |
_c731 _d731 |
||